000 00671nam a2200229Ia 4500
003 OSt
005 20220918231442.0
006 a|||||r|||| 00| 0
007 ta
008 220917b |||||||| |||| 00| 0 eng d
024 _a285,815
037 _cTextual
040 _aARTS
_cARTS
_beng
041 _2eng
_aeng
082 _aT4(Y5927).2'N78<-N72, M2
245 0 _aFacilities to scheduled castes and scheduled tribes in universities and colleges
260 _aNew Delhi
_bUniversity Grant Commission India
_c1982
300 _a128p.
_ccm.
650 _aEDUCATION
942 _hT4(Y5927).2'N78<-N72, M2
_cTEXL
_2CC
999 _c291254
_d291254